| 000 | 00695 a2200241 4500 | ||
|---|---|---|---|
| 999 |
_c2588 _d2588 |
||
| 020 | _a0422764000 : | ||
| 020 | _a0422764108 (pbk.) : | ||
| 050 | 0 | 0 | _aHV6947 BOX 1983 |
| 100 | 1 | _aBox, Steven. | |
| 245 | 1 | 0 |
_aPower, crime, and mystification / _cSteven Box. |
| 264 |
_aLondon _bRoutledge _c1983 |
||
| 300 |
_axi, 257 p. : _bill. ; |
||
| 440 | 0 | _aTavistock studies in sociology | |
| 500 | _aIncludes indexes. | ||
| 504 | _aBibliography: p. [224]-246. | ||
| 650 | 0 |
_aCorporations _xCorrupt practices |
|
| 650 | 0 | _aPolice corruption | |
| 650 | 0 | _aPolice misconduct | |
| 650 | 0 | _aRape | |
| 650 | 0 | _aPower (Social sciences) | |
| 650 | 0 | _aFemale offenders | |
| 942 |
_2lcc _cBK _h6947 _iBOX _k1983 |
||